Artistas femeninas españolas por imagen - Estadísticas

Estadísticas generales
  • Esta prueba ha sido intentada 2.787 veces
    2.576 desde el último reinicio
  • La puntuación promedio es 9 de 20
Estadísticas de respuestas
Imagen Respuesta % Correcto
ROSALÍA
100%
Aitana
95%
Bad Gyal
85%
Lola Índigo
80%
Amaia
79%
Chanel Terrero
72%
Ana Mena
65%
Ptazeta
41%
Alba Reche
39%
Judeline
39%
Natalia Lacunza
38%
María Escarmiento
33%
Belén Aguilera
32%
Marina Reche
32%
La Zowi
27%
Mushkaa
22%
Mala Rodríguez
20%
Julieta
18%
Albany
14%
Fusa Nocta
5%
No se encontraron pruebas coincidentes
Distribución de puntuación
Porcentaje de gente con cada puntuación
Porcentaje por número respondido
Historial de tus puntuaciones
No has intentado esta prueba desde el último reinicio